Responses for show #5530 - Friday, September 26, 2008

Contestants

Tami Deeb, a director of strategy from San Francisco, California

Andrew Hoekzema, a college junior from Chesterfield, Missouri

Brian Levinson, a writer from Queens, New York (whose 2-day cash winnings total $47,801)

Jeopardy! Round responses

NONFICTION PULITZER WINNERS
THINGS ON NFL HELMETS
EXPIRATION DATES
WHAT TO WEAR
B FOLLOWS A
DOWN AT THE OLD FACTORY
    $200 1
Gettysburg

Tami
    $200 7
the Dallas Cowboys

Brian
    $200 26
Picasso

Tami
    $200 16
a cardigan

Brian
    $200 2
Azkaban

Andrew
    $200 17
cigars

Tami
    $400 12
al-Qaeda

Brian
    $400 8
the New England Patriots

Brian
    $400 27
Cyrus McCormick

Brian
    $400 18
boot-cut

Andrew
    $400 3
abominable

Tami
    $400 19
(Brian: What is a toothpaste factory?)
...
(Alex: Charlie and the [*], correct.)

a chocolate factory

BrianAndrew
    $600 13
the Vietnam War

Tami
    $600 9
the Tampa Bay Buccaneers

Andrew
    $600 28
Thornton Wilder

Tami
    $600 22
dress (or skirt)

Triple Stumper
    $600 4
swab

Brian
    $600 20
Ford

Brian
    $800 14
Hirohito

Tami
    $800 10
the Kansas City Chiefs

Brian
    $800 29
Ray Kroc

Brian
    $800 23
double-breasted

Brian
    $800 5
(Andrew: What is an abstract?)

a syllabus

AndrewTami
    $800 21
steel

Tami
    $1000 15
the Chesapeake

Tami
    $1000 11
the New Orleans Saints

Brian
    $1000 30
Édith Piaf

Brian
    $1000 24
a Henley style

Triple Stumper
    $1000 6
the Maccabees

Tami
    $1,200 25
(Eastman) Kodak

Brian

Scores at the first commercial break (after clue 15):

Brian Andrew Tami
$3,400 $0 $4,800

Scores at the end of the Jeopardy! Round:

Brian Andrew Tami
$8,000 $800 $6,600

Double Jeopardy! Round responses

NORTH AMERICAN GEOGRAPHY
MUSICAL INSTRUMENT MOVIES
AUSTRALIAN WILDLIFE
ALWAYS REMEMBER SEPTEMBER
AN ABBREVIATED CATEGORY
DOWN AT THE OLFACTORY
    $400 1
(Tami: What is the Rio Grande?)

the Mississippi

Tami
Triple Stumper
    $400 6
Horn

Brian
    $400 21
the Tasmanian devil

Brian
    $400 14
the Nina, the Pinta & the Santa Maria

Tami
    $400 8
earned run average

Andrew
    $400 26
flowers

Brian
    $800 2
(Brian: What is Victoria?)
...
(Alex: [*] Island and the city of [*]. Right.)

Vancouver

BrianAndrew
    $800 7
Piano

Tami
    $2,000 22
a swan

Brian
    $800 15
Jack Benny

Brian
    $800 9
bring your own booze

Tami
    $800 27
incense

Brian
    $1200 3
Cleveland

Brian
    $1200 11
Drum

Tami
    $1200 23
a wallaby

Brian
    $1200 17
Moscow

Brian
    $1200 10
imperative

Brian
    $1200 28
Sulfur

Andrew
    $1,600 4
Piedmont

Brian
    $1600 16
Flute

Andrew
    $1600 24
a lizard

Andrew
    $1600 19
Fatah

Brian
    $1600 12
twin lens reflex

Triple Stumper
    $1600 29
(Alex: Johnson's & Johnson's [*]--yes.)

baby powder

Andrew
    $2000 5
(Brian: What is Quebec?)

New Brunswick

Brian
Triple Stumper
    $2000 18
Harp

Brian
    $2000 25
a dugong

Brian
    $2000 20
(Alex: That's it--[*]--for St. Michael.)

Michaelmas

Brian
    $2000 13
(Alex: Helps to have one--a [*]. Also known as a Mae West.)

personal flotation device

Triple Stumper
    $2000 30
a cedar

Andrew

Scores at the end of the Double Jeopardy! Round:

Brian Andrew Tami
$24,000 $10,000 $9,400
(lock game)

[wagering suggestions for these scores]

Final Jeopardy! Round responses

ROYALTY
(Alex: [Revealing Tami's response] Two daughters, Mary and Elizabeth, and a son, Edward VI.)
TamiWho is [Victoria crossed out] Henry VIII?
$9,400
AndrewWho is Henry VIII?
$8,801
BrianWho was Henry VIII
$1,000
Henry VIII

Final scores:

Brian Andrew Tami
$25,000 $18,801 $18,800
3-day champion: $72,801 2nd place: $2,000 3rd place: $1,000

Game dynamics:

Coryat scores:

Brian Andrew Tami
$22,600 $10,000 $9,400
28 R
(including 3 DDs),
3 W
11 R,
1 W
15 R,
1 W

Combined Coryat: $42,000

The J! Archive is created by fans, for fans. The Jeopardy! game show and all elements thereof, including but not limited to copyright and trademark thereto, are the property of Jeopardy Productions, Inc. and are protected under law. This website is not affiliated with, sponsored by, or operated by Jeopardy Productions, Inc. Join the discussion at JBoard.tv.